Guess the lyrics (#111) - Statistics

General Stats
  • This quiz has been taken 49 times
  • The average score is 88 of 210
Answer Stats
answer % Correct
a
98%
I
98%
the
88%
you
88%
You
88%
love
86%
me
83%
me,
83%
is
81%
and
76%
to
76%
when
76%
In
74%
in
74%
go
71%
hear
69%
of
69%
be
67%
on
67%
on,
67%
your
67%
For
64%
So,
64%
don't
62%
my
62%
can
60%
no
57%
you're
55%
all
52%
like
52%
say
52%
too
52%
that
50%
up
50%
up,
50%
with
48%
but
45%
down
40%
down,
40%
know
40%
get
38%
Get
38%
out
38%
I'll
36%
got
33%
mornin'
33%
mornin',
33%
Oh,
33%
'cause
29%
won't
29%
Yeah,
29%
gonna
26%
Just
26%
here
21%
wake
21%
Come
19%
need
19%
please
17%
saw
17%
Stay
17%
stay
17%
you'd
17%
even
14%
floor
14%
home,
14%
home
14%
Let's
14%
much
14%
name
14%
right
14%
what's
14%
about
12%
nothin'
12%
only
12%
door
10%
face
10%
kick
10%
mean
10%
read
10%
again?
7%
Hey,
7%
honey
7%
tonight
7%
yourself
7%
best
5%
better
5%
laugh
5%
lips,
5%
perfume's
5%
Red
5%
Rita
5%
Sit
5%
smellin'
5%
sweeter
5%
use
5%
cards,
2%
cologne
2%
degradin'
2%
fingernails
2%
Jezebel
2%
old
2%
since
2%
sound
2%
tarot
2%
bit
0%
cab
0%
fare
0%
hair
0%
pay
0%
persuadin'
0%
Slow
0%
upstairs
0%
No matching quizzes found
Score Distribution
Percent of People with Each Score
Percentile by Number Answered
Your Score History
You have not taken this quiz